00589nam a2200193Ia 4500008004100000020001800041082001400059100001600073245002800089250000700117260003800124300002900162500001900191600001500210650001500225942000700240952013100247999001700378240925s9999 xx 000 0 und d a9788131760994 a658.5 SOP aSople, V v. 0aSupply Chain Management aNA aIndia:bPearson Educationc,2012. axxxvi,654p.b0fOriginal aIncludes Index aManagement aManagement cBK 001040708MANaUITUbUITUd2018-12-10eCitizen Book Shopg1295.00l0o658.5 SOPpQ12157r2024-09-25 07:16:21w2024-09-25yBK c14656d14656